Culture Générale - Clic Quiz - La réponse est une pièce d'échecs - Statistiques

Statistiques générales
  • Ce quiz a été pris 98 fois
  • Le résultat moyen est 25 sur 40
Statistiques - réponses
Hint Réponse % Correct
Dénomination parfois utilisée pour désigner une personne atteinte de troubles mentaux Fou
87%
Bâtiment en hauteur, plus haut que large Tour
87%
Personnage de légende ou apparition fantomatique : ______ blanche Dame
82%
Célèbre lieu-dit du département français de la Vendée : Le Puy .. ______ Fou
82%
Personne, élément qui ne joue qu'un rôle minime, qui est manipulé, dont on dispose arbitrairement Pion
82%
Représente la moitié des pièces au début d'une partie d'échecs Pion
82%
Dessert à base de glace à la vanille arrosée de chocolat noir fondu, parfois agrémentée de meringues, de copeaux de chocolat, de crème chantilly, de 2 cl de vodka et, en Ardèche, de crème de marrons : ______ blanche Dame
81%
En tourisme et en sport, circuit formant une boucle fermée Tour
81%
Troisième et dernière partie du roman Le Seigneur des anneaux de J. R. R. Tolkien : Le Retour .. ______ Roi
80%
Frédéric X au Danemark Roi
80%
Surveillant d'externat ou assistant d'éducation en langage familier Pion
78%
Personnage parodique qui jouait la déraison Fou
77%
Mini-série américaine sortie sur Netflix en 2020 avec Anya Taylor-Joy : Le Jeu d.... ______ Dame
75%
Avec un s on obtient la Préfecture de l'Indre-et-Loire Tour
75%
Se dit Re en italien Roi
72%
Format de boîtier pour l'unité centrale d'un poste informatique Tour
71%
Personne avec qui l'on forme un couple dans une réunion, un bal Cavalier
66%
Second volet du roman Le Seigneur des anneaux de J. R. R. Tolkien : Les Deux ______s Tour
66%
Employé comme unité d'angle et vaut 360 degrés Tour
65%
Carte à jouer du tarot de Marseille, dont la fonction s'apparente à celle d'un joker Fou
63%
Entré dans la mémoire collective pour avoir été le théâtre de plusieurs batailles meurtrières de la Première Guerre mondiale sur la RD 18 CD dans l'Aisne : Chemin des ______s Dame
61%
Course d'ultra-trail à La Réunion : Diagonale des ______s Fou
61%
Sous-préfecture du département de l'Isère : .. ______-du-Pin Tour
61%
Western de John Ford sorti en 1961 : Les ______s Cavalier
60%
Pièce la plus puissante du jeu d'échecs Dame
57%
Se dit Pawn en anglais Pion
57%
Sommet des Alpes valaisannes, en Suisse, situé dans le canton du Valais, qui culmine à 3 831 m d'altitude : ______ de Boussine Tour
53%
Particule élémentaire de la famille des mésons ( syn. méson π), vecteur d'interaction entre nucléons Pion
52%
En zoologie, oiseau marin de la famille des sulidés Fou
49%
En économie : Sigle qui signifie Retour sur investissement Roi
49%
Modèle de voiture américaine produite à partir de 1981 : la Chevrolet ______ Cavalier
48%
Chanson de Bilal Hassani qui a représenté la France au Concours Eurovision de la chanson 2019 Roi
48%
Film français réalisé par Christian Gion en 1978 où Michel Galabru joue le rôle d'un inspecteur d'académie : .. ______ Pion
47%
Carte du jeu de tarot, entre le valet et la dame Cavalier
46%
Nouvelle de l'écrivain russe Nicolas Gogol, écrite en 1834 : Le Journal d'.. ______ Fou
43%
Pièce métallique, clou en U Cavalier
42%
Quand un individu agit de manière discourtoise, on peut dire qu'il a un comportement un peu « ______ » Cavalier
42%
Congrégation catholique romaine : Les ______s du Sacré-Cœur Dame
40%
Magazine mensuel de la presse masculine américaine dans le style de Playboy, fondé en 1952 Cavalier
29%
En fromagerie, union d'un morceau de fromage avec un bout de pain // Fromage à pâte lactique au lait entier thermisé de brebis : .. ______ du Larzac Cavalier
18%
Aucun quiz correspondant
Distribution des résultats
% des personnes avec chaque résultat
Percentile par nombre de réponses
Votre historique - résultats
Vous n’avez pas pris ce quiz